000 01352nam a2200361 a 4500
001 ebr10575636
003 CaPaEBR
006 m u
007 cr cn|||||||||
008 120523s2013 enka sb 001 0 eng d
010 _z 2012014993
020 _z9780470670705 (pbk. : alk. paper)
020 _z9781118338100 (e-book)
040 _aCaPaEBR
_cCaPaEBR
035 _a(OCoLC)802044450
050 1 4 _aRD33.35
_b.S44 2013eb
082 0 4 _a362.17/84
_223
100 1 _aSeeber, Petra.
245 1 0 _aBasics of blood management
_h[electronic resource] /
_cPetra Seeber, Aryeh Shander.
250 _a2nd ed.
260 _aChichester, West Sussex ;
_aHoboken, N.J. :
_bJohn Wiley & Sons,
_c2013.
300 _aviii, 350 p. :
_bill.
500 _aTwo columns to the page.
504 _aIncludes bibliographical references and index.
533 _aElectronic reproduction.
_bPalo Alto, Calif. :
_cebrary,
_d2011.
_nAvailable via World Wide Web.
_nAccess may be limited to ebrary affiliated libraries.
650 0 _aTransfusion-free surgery.
650 0 _aBlood
_xTransfusion.
650 0 _aBlood banks.
655 7 _aElectronic books.
_2local
700 1 _aShander, Aryeh.
710 2 _aebrary, Inc.
856 4 0 _uhttp://site.ebrary.com/lib/rucke/Doc?id=10575636
_zAn electronic book accessible through the World Wide Web; click to view
999 _c78253
_d78253